[Event "AbuDhabiMaster"]
[Site "AbuDhabi"]
[Date "2005.??.??"]
[Round "2"]
[White "Himdan, Maher"]
[Black "Fedorov, Alexei"]
[Result "0-1"]
[WhiteElo "2337"]
[BlackElo "2611"]
[PlyCount "80"]
[EventDate "2005.??.??"]
[WhiteTeam "United States"]
[BlackTeam "Belarus"]
[WhiteTeamCountry "USA"]
[BlackTeamCountry "BLR"]

1. e4 c5 2. Nf3 d6 3. d4 cxd4 4. Nxd4 Nf6 5. Nc3 g6 6. Be3 Bg7 7. f3 Nc6 8. Qd2
Bd7 9. g4 Rc8 10. h4 h5 11. g5 Nh7 12. f4 Qa5 13. Nce2 Qxd2+ 14. Kxd2 O-O 15.
c3 Rfd8 16. f5 Nf8 17. Bh3 Ne5 18. b3 d5 19. exd5 gxf5 20. Rac1 Ng4 21. Nf4 e5
22. dxe6 fxe6 23. Nxh5 e5 24. Nxg7 Kxg7 25. Bxg4 fxg4 26. Rhf1 Bc6 27. Rf6 g3
28. h5 Be4 29. Ke2 exd4 30. cxd4 Rxc1 31. Bxc1 g2 32. Be3 Rc8 33. Rf4 Rc2+ 34.
Kd1 Rc3 35. Bg1 Bd5 36. h6+ Kg8 37. Rf5 Be4 38. Rf4 Bg6 39. d5 Rd3+ 40. Ke2
Rxd5 0-1

[Event "AbuDhabiMaster"]
[Site "AbuDhabi"]
[Date "2005.??.??"]
[Round "2.16"]
[White "Safarli, Eltaj"]
[Black "Kotsur, Pavel"]
[Result "1/2-1/2"]
[WhiteElo "2335"]
[BlackElo "2595"]
[PlyCount "76"]
[EventDate "2005.??.??"]
[WhiteTeam "United States"]
[BlackTeam "Belarus"]
[WhiteTeamCountry "USA"]
[BlackTeamCountry "BLR"]

1. d4 Nf6 2. Bg5 e6 3. e4 h6 4. Bxf6 Qxf6 5. Nc3 Bb4 6. Nge2 c5 7. a3 Bxc3+ 8.
Nxc3 Qxd4 9. Qxd4 cxd4 10. Nb5 Kd8 11. Nxd4 a6 12. a4 Ke7 13. O-O-O d6 14. Be2
g6 15. Rd2 Nd7 16. Nb3 Nf6 17. f3 Bd7 18. Na5 Rab8 19. Nc4 Bxa4 20. Nxd6 Rhd8
21. Rhd1 Bc6 22. Nc4 Rxd2 23. Rxd2 Bb5 24. Ne5 Be8 25. Rd3 a5 26. Rc3 g5 27.
Rc5 b6 28. Rc6 Nd7 29. Nxd7 Kxd7 30. Rc3 Kd6 31. Rd3+ Ke5 32. Rc3 Kd6 33. Rd3+
Kc5 34. c3 Bc6 35. Rd4 f6 36. b4+ axb4 37. Rxb4 Ra8 38. Kc2 h5 1/2-1/2

[Event "AbuDhabiMaster"]
[Site "AbuDhabi"]
[Date "2005.??.??"]
[Round "2.17"]
[White "Toufighi, Homayoon"]
[Black "Ulibin, Mikhail"]
[Result "0-1"]
[WhiteElo "2170"]
[BlackElo "2529"]
[PlyCount "100"]
[EventDate "2005.??.??"]
[WhiteTeam "United States"]
[BlackTeam "Belarus"]
[WhiteTeamCountry "USA"]
[BlackTeamCountry "BLR"]

1. e4 c5 2. Nf3 e6 3. c3 d5 4. exd5 exd5 5. d4 Nc6 6. Bd3 Bg4 7. O-O Bd6 8.
dxc5 Bxc5 9. Bf4 Qf6 10. Bg5 Qxg5 11. Nxg5 Bxd1 12. Rxd1 h6 13. Nf3 O-O-O 14.
Nbd2 Nf6 15. Nb3 Bb6 16. Nbd4 Rhe8 17. Nf5 Ne5 18. Nxe5 Rxe5 19. Nd4 Ne4 20.
Kf1 a6 21. f3 Nc5 22. Bc2 Ne6 23. Nxe6 fxe6 24. Re1 Rxe1+ 25. Rxe1 Kd7 26. Ke2
Bc7 27. g3 g5 28. Rd1 Be5 29. a4 Ke7 30. Bb3 Rc8 31. Kd3 h5 32. Re1 Kd6 33. Bd1
Rf8 34. Rg1 b5 35. axb5 axb5 36. Be2 b4 37. Ra1 bxc3 38. bxc3 Rc8 39. Ra3 Ke7
40. Bf1 Kf6 41. Bh3 Rc6 42. Bf1 h4 43. Kd2 hxg3 44. hxg3 Bxg3 45. Ra6 Bf4+ 46.
Kc2 Rc7 47. Bh3 d4 48. Rxe6+ Kf7 49. c4 Rxc4+ 50. Kd3 Rb4 0-1

[Event "AbuDhabiMaster"]
[Site "AbuDhabi"]
[Date "2005.??.??"]
[Round "2.19"]
[White "Sale, Srdjan"]
[Black "Marwan, Abdulwahab"]
[Result "1-0"]
[WhiteElo "2437"]
[BlackElo "1983"]
[PlyCount "75"]
[EventDate "2005.??.??"]
[WhiteTeam "United States"]
[BlackTeam "Belarus"]
[WhiteTeamCountry "USA"]
[BlackTeamCountry "BLR"]

1. Nf3 c5 2. c4 Nc6 3. Nc3 g6 4. e3 e5 5. d4 d6 6. dxc5 dxc5 7. Qxd8+ Kxd8 8.
Ng5 Nh6 9. Bd2 Be7 10. h4 f6 11. Nge4 Bf5 12. f3 Nf7 13. O-O-O h5 14. Be2 b6
15. g4 Be6 16. Be1+ Kc8 17. Nd5 f5 18. Nxe7+ Nxe7 19. Nd6+ Kc7 20. Nxf7 Bxf7
21. Bc3 Nc6 22. gxf5 gxf5 23. f4 Rhe8 24. Bf3 exf4 25. exf4 Re3 26. Be5+ Nxe5
27. Bxa8 Nd3+ 28. Kd2 Rg3 29. Rdg1 Rxg1 30. Rxg1 Bxc4 31. b3 Ba6 32. Ke3 Nb4
33. Rg7+ Kb8 34. Bf3 Nxa2 35. Bxh5 Nc1 36. Bf7 b5 37. h5 b4 38. h6 1-0

[Event "AbuDhabiMaster"]
[Site "AbuDhabi"]
[Date "2005.??.??"]
[Round "2.20"]
[White "Raetsky, Alexander"]
[Black "Ahmed, Ishaq"]
[Result "1-0"]
[WhiteElo "2453"]
[BlackElo "2079"]
[PlyCount "77"]
[EventDate "2005.??.??"]
[WhiteTeam "United States"]
[BlackTeam "Belarus"]
[WhiteTeamCountry "USA"]
[BlackTeamCountry "BLR"]

1. d4 Nf6 2. c4 g6 3. Nc3 Bg7 4. e4 d6 5. Be2 O-O 6. Bg5 Na6 7. h4 h6 8. Be3 e5
9. d5 Nc5 10. Qc2 a5 11. h5 g5 12. f3 Rb8 13. g4 Bd7 14. Rd1 b6 15. Nh3 Ne8 16.
Nf2 Qe7 17. a3 a4 18. O-O Nb3 19. Nb5 Rb7 20. Kg2 Nf6 21. Nh1 Be8 22. Rd3 Nd7
23. Rxb3 axb3 24. Qxb3 Nf6 25. Ng3 Bd7 26. Qc2 Ra8 27. a4 Qe8 28. Ra1 Bf8 29.
b4 Qb8 30. Ra3 Ne8 31. Qa2 Qc8 32. a5 Ra6 33. Nc3 Qb8 34. c5 dxc5 35. Bxa6 Ra7
36. axb6 Rxa6 37. Rxa6 cxb4 38. Ra8 Qb7 39. Qa7 1-0

[Event "AbuDhabiMaster"]
[Site "AbuDhabi"]
[Date "2005.??.??"]
[Round "2.21"]
[White "Boricsev, Oleg"]
[Black "Illijin, Neboisa"]
[Result "0-1"]
[WhiteElo "2373"]
[BlackElo "2242"]
[PlyCount "92"]
[EventDate "2005.??.??"]
[WhiteTeam "United States"]
[BlackTeam "Belarus"]
[WhiteTeamCountry "USA"]
[BlackTeamCountry "BLR"]

1. e4 c5 2. Nf3 e6 3. c3 d5 4. exd5 Qxd5 5. d4 Nc6 6. Be3 cxd4 7. cxd4 Nf6 8.
Nc3 Qd6 9. Bd3 Be7 10. O-O O-O 11. a3 b6 12. Qe2 Bb7 13. Rad1 Rad8 14. Bb1 Rfe8
15. Ng5 h6 16. f4 Bf8 17. Nge4 Nxe4 18. Bxe4 Rd7 19. d5 exd5 20. Rxd5 Qe7 21.
Rxd7 Qxd7 22. Rd1 Qe6 23. Qf3 Na5 24. Bxb7 Qxe3+ 25. Qxe3 Rxe3 26. Be4 g6 27.
Rd8 Kg7 28. Rc8 Bc5 29. Rxc5 bxc5 30. Kf2 Nc4 31. Bd5 Rxc3 32. bxc3 Nxa3 33.
Ke3 Nb5 34. Kd3 Nd6 35. g4 g5 36. fxg5 hxg5 37. Kc2 Kf6 38. Kb3 Ke5 39. Bc6 Kf4
40. Bd7 Ke3 41. Ka4 Kd3 42. Ka5 Kxc3 43. Ka6 Kb4 44. Bc6 c4 45. Bf3 c3 46. Bd1
Nb5 0-1

[Event "AbuDhabiMaster"]
[Site "AbuDhabi"]
[Date "2005.??.??"]
[Round "2.22"]
[White "Al Tamimi, Hamad"]
[Black "Karavade, Eesha"]
[Result "0-1"]
[WhiteElo "2244"]
[BlackElo "2370"]
[PlyCount "100"]
[EventDate "2005.??.??"]
[WhiteTeam "United States"]
[BlackTeam "Belarus"]
[WhiteTeamCountry "USA"]
[BlackTeamCountry "BLR"]

1. e4 c5 2. Nf3 d6 3. Bb5+ Nd7 4. d4 Ngf6 5. Nc3 a6 6. Bxd7+ Nxd7 7. O-O e6 8.
Bg5 Qc7 9. d5 e5 10. a4 h6 11. Bh4 g5 12. Bg3 b6 13. Nd2 Nf6 14. Nc4 Rb8 15.
Qd3 Bd7 16. a5 b5 17. Nb6 Bg4 18. f3 Bh5 19. Nd1 Be7 20. Ne3 Bg6 21. c4 b4 22.
Rad1 Bd8 23. Ra1 Qa7 24. Be1 Bxb6 25. axb6 Rxb6 26. Ra5 Qd7 27. Nf5 Bxf5 28.
exf5 Kd8 29. Bf2 Kc7 30. Rfa1 Kb7 31. Qb1 Ra8 32. Be3 Qe7 33. Qc2 Qd7 34. Re1
Re8 35. Bf2 h5 36. Be3 Rg8 37. Raa1 g4 38. fxg4 Nxg4 39. h3 Nxe3 40. Rxe3 Rg5
41. Rf3 Ka7 42. Raf1 Rb8 43. R1f2 Rbg8 44. Re3 f6 45. Ree2 Rg3 46. Kh2 Qg7 47.
Re1 Qg5 48. Qe2 Qh4 49. Qc2 R8g5 50. Ree2 Rxh3+ 0-1

[Event "AbuDhabiMaster"]
[Site "AbuDhabi"]
[Date "2005.??.??"]
[Round "2.23"]
[White "Prasad, Devaki V"]
[Black "Mamedjarova, Turkan"]
[Result "1-0"]
[WhiteElo "2359"]
[BlackElo "2208"]
[PlyCount "71"]
[EventDate "2005.??.??"]
[WhiteTeam "United States"]
[BlackTeam "Belarus"]
[WhiteTeamCountry "USA"]
[BlackTeamCountry "BLR"]

1. e4 e5 2. Nf3 Nc6 3. Bb5 a6 4. Ba4 Nf6 5. O-O Nxe4 6. d4 b5 7. Bb3 d5 8. dxe5
Be6 9. Nbd2 Nc5 10. c3 d4 11. Bxe6 Nxe6 12. cxd4 Ncxd4 13. a4 b4 14. Nxd4 Nxd4
15. Nb3 Nxb3 16. Qxb3 Be7 17. Qg3 Kf8 18. Qf3 Qe8 19. Be3 c5 20. Rac1 Rc8 21.
b3 h6 22. Rc4 Kg8 23. Rfc1 Bf8 24. Qe4 Qe6 25. h3 g6 26. Qf3 Bg7 27. Bxc5 Qxe5
28. Bxb4 Rxc4 29. Rxc4 Qa1+ 30. Kh2 h5 31. g3 Qb1 32. Rc8+ Kh7 33. Rc7 h4 34.
Rxf7 hxg3+ 35. Qxg3 g5 36. Bc3 1-0

[Event "AbuDhabiMaster"]
[Site "AbuDhabi"]
[Date "2005.??.??"]
[Round "2.27"]
[White "Nadig, Kruttika"]
[Black "Jasim, AR Saleh"]
[Result "1/2-1/2"]
[WhiteElo "2198"]
[BlackElo "2318"]
[PlyCount "38"]
[EventDate "2005.??.??"]
[WhiteTeam "United States"]
[BlackTeam "Belarus"]
[WhiteTeamCountry "USA"]
[BlackTeamCountry "BLR"]

1. e4 e6 2. d4 d5 3. Nc3 dxe4 4. Nxe4 Nd7 5. Nf3 Ngf6 6. Nxf6+ Nxf6 7. c3 c5 8.
Ne5 a6 9. Be3 Qc7 10. Qa4+ Bd7 11. Nxd7 Nxd7 12. O-O-O O-O-O 13. Be2 Nb6 14.
Qa5 c4 15. d5 Nxd5 16. Qxc7+ Kxc7 17. Bxc4 Nxe3 18. fxe3 Rxd1+ 19. Rxd1 Bc5
1/2-1/2

[Event "AbuDhabiMaster"]
[Site "AbuDhabi"]
[Date "2005.??.??"]
[Round "2.28"]
[White "Akshat, Kamparia"]
[Black "Faisal, Abdulla"]
[Result "1/2-1/2"]
[WhiteElo "2296"]
[BlackElo "2175"]
[PlyCount "40"]
[EventDate "2005.??.??"]
[WhiteTeam "United States"]
[BlackTeam "Belarus"]
[WhiteTeamCountry "USA"]
[BlackTeamCountry "BLR"]

1. d4 d5 2. c4 e6 3. Nc3 c6 4. Nf3 Nf6 5. cxd5 exd5 6. Qc2 g6 7. Bg5 Be7 8. e3
Bf5 9. Qb3 Qb6 10. Qxb6 axb6 11. h3 b5 12. g4 Be6 13. Bd3 Nbd7 14. Bf4 Nb6 15.
Ke2 b4 16. Nd1 O-O 17. Nd2 Ra7 18. Nb3 Rfa8 19. Nc1 Nc4 20. Rb1 Rd8 1/2-1/2

[Event "AbuDhabiMaster"]
[Site "AbuDhabi"]
[Date "2005.??.??"]
[Round "2.29"]
[White "Ibrahim, Ismail"]
[Black "Aryanejad, Hossein"]
[Result "0-1"]
[WhiteElo "2082"]
[BlackElo "2288"]
[PlyCount "126"]
[EventDate "2005.??.??"]
[WhiteTeam "United States"]
[BlackTeam "Belarus"]
[WhiteTeamCountry "USA"]
[BlackTeamCountry "BLR"]

1. e4 e5 2. Nf3 Nf6 3. d4 Nxe4 4. Bd3 Nc6 5. d5 Nf6 6. dxc6 e4 7. cxb7 Bxb7 8.
Be2 exf3 9. Bxf3 Bxf3 10. Qxf3 Be7 11. O-O O-O 12. b3 d6 13. Bb2 Nd7 14. Nd2
Bf6 15. Bxf6 Nxf6 16. c4 a5 17. Rfe1 Re8 18. Qc6 Qd7 19. Rxe8+ Rxe8 20. Qxd7
Nxd7 21. Kf1 Nc5 22. Re1 Rxe1+ 23. Kxe1 Nd3+ 24. Kf1 Kf8 25. a3 c5 26. Ke2 Ne5
27. Ke3 Ke7 28. Ke4 Ke6 29. f4 f5+ 30. Ke3 Ng4+ 31. Kd3 Nxh2 32. Kc3 Ng4 33. b4
axb4+ 34. axb4 cxb4+ 35. Kxb4 Nf2 36. Kb5 Ne4 37. Nf3 Kd7 38. Nd4 g6 39. Kb6
Nc5 40. Nf3 Na4+ 41. Ka5 Nb2 42. Kb5 Nd3 43. g3 Nc5 44. Ng5 Ne4 45. Nxh7 Ke7
46. Ng5 Nxg3 47. Kc6 Ne2 48. Nh3 Nd4+ 49. Kd5 Nb3 50. Ng5 Nc5 51. Nh3 Kd7 52.
Nf2 Na4 53. Nh3 Nb6+ 54. Kd4 Ke6 55. Ng5+ Ke7 56. Nf3 Nd7 57. Nh4 Nf8 58. Kd5
Kd7 59. Nf3 Ne6 60. c5 Nxf4+ 61. Kd4 Ne6+ 62. Kd5 Nxc5 63. Nh4 f4 0-1

[Event "AbuDhabiMaster"]
[Site "AbuDhabi"]
[Date "2005.??.??"]
[Round "2.30"]
[White "Amanov, Mesgen"]
[Black "Khouri, Ibraheem Mohamed"]
[Result "1-0"]
[WhiteElo "2277"]
[BlackElo "2062"]
[PlyCount "77"]
[EventDate "2005.??.??"]
[WhiteTeam "United States"]
[BlackTeam "Belarus"]
[WhiteTeamCountry "USA"]
[BlackTeamCountry "BLR"]

1. d4 d5 2. Nf3 Nf6 3. Bf4 e6 4. e3 Bd6 5. Ne5 O-O 6. Bd3 b6 7. Nd2 Bb7 8. O-O
c5 9. c3 Nc6 10. Ndf3 Rc8 11. h3 Ne4 12. Nxc6 Bxc6 13. Bxd6 Qxd6 14. Qc2 Bb7
15. Rad1 c4 16. Be2 b5 17. Nd2 Nxd2 18. Rxd2 a5 19. f4 f5 20. Bf3 Qb6 21. g4
Rce8 22. Rg2 Re7 23. Qf2 Ref7 24. Kh2 Qd8 25. Rfg1 Kh8 26. Rg3 Qd7 27. Qg2 Rg8
28. Qf2 Qc7 29. gxf5 exf5 30. Rg5 Qe7 31. Qh4 g6 32. Bh5 Rff8 33. Qg3 Qe6 34.
Bd1 Bc6 35. h4 Be8 36. h5 h6 37. hxg6 Qf6 38. Qh3 Kg7 39. Qxh6+ 1-0

[Event "AbuDhabiMaster"]
[Site "AbuDhabi"]
[Date "2005.??.??"]
[Round "2.31"]
[White "Al Sulaiti, Ghanem"]
[Black "Paridar, Shadi"]
[Result "1-0"]
[WhiteElo "2076"]
[BlackElo "2263"]
[PlyCount "79"]
[EventDate "2005.??.??"]
[WhiteTeam "United States"]
[BlackTeam "Belarus"]
[WhiteTeamCountry "USA"]
[BlackTeamCountry "BLR"]

1. e4 c5 2. Nf3 e6 3. b3 d6 4. Bb2 Nc6 5. Bb5 e5 6. O-O Nf6 7. Re1 Qb6 8. Bc4
Be7 9. c3 Bg4 10. Bd5 O-O 11. Na3 Nxd5 12. exd5 Nd8 13. d4 f6 14. Qd3 Nf7 15.
Nd2 a6 16. Qg3 Bd7 17. f4 cxd4 18. cxd4 Rac8 19. Ndc4 Qa7 20. Kh1 Nh6 21. fxe5
fxe5 22. dxe5 Ng4 23. h3 Qf2 24. Qxf2 Nxf2+ 25. Kh2 Nd3 26. e6 Nxe1 27. exd7
Rcd8 28. Rxe1 Rxd7 29. Nb6 Rc7 30. Nac4 Bg5 31. Re2 Rcf7 32. Ba3 Rf2 33. Rxf2
Rxf2 34. Bxd6 h5 35. h4 Bxh4 36. Bg3 Bxg3+ 37. Kxg3 Rf1 38. d6 Rd1 39. d7 Kf8
40. Na5 1-0

[Event "AbuDhabiMaster"]
[Site "AbuDhabi"]
[Date "2005.??.??"]
[Round "2.33"]
[White "Salem, AR Saleh"]
[Black "Pourkashiyan, Atousa"]
[Result "0-1"]
[WhiteElo "2044"]
[BlackElo "2261"]
[PlyCount "70"]
[EventDate "2005.??.??"]
[WhiteTeam "United States"]
[BlackTeam "Belarus"]
[WhiteTeamCountry "USA"]
[BlackTeamCountry "BLR"]

1. d4 d5 2. c4 e6 3. Nc3 Nf6 4. cxd5 exd5 5. Bg5 Be7 6. Qc2 c6 7. e3 O-O 8. Bd3
Nbd7 9. Nf3 Re8 10. O-O Nf8 11. Bxf6 Bxf6 12. b4 Be7 13. Rab1 Bd6 14. h3 a6 15.
Na4 Ng6 16. Rfc1 Kh8 17. Nc5 Qf6 18. Qd1 Nf8 19. Rb2 h6 20. Bb1 g5 21. e4 Qg7
22. e5 Bc7 23. a4 Ng6 24. b5 axb5 25. axb5 b6 26. Bxg6 bxc5 27. Bb1 c4 28. bxc6
Ra6 29. Bc2 Rg8 30. Nh2 f6 31. exf6 Qxf6 32. Ba4 Bxh2+ 33. Kxh2 Rxa4 34. Qxa4
Qf4+ 35. g3 Qxc1 0-1

[Event "AbuDhabiMaster"]
[Site "AbuDhabi"]
[Date "2005.??.??"]
[Round "3"]
[White "Chernyshov, Konstantin"]
[Black "Aleksandrov, Aleksej"]
[Result "0-1"]
[WhiteElo "2548"]
[BlackElo "2630"]
[PlyCount "135"]
[EventDate "2005.??.??"]
[WhiteTeam "Russia"]
[BlackTeam "Belarus"]
[WhiteTeamCountry "RUS"]
[BlackTeamCountry "BLR"]

1. e4 e5 2. Nf3 Nc6 3. d4 exd4 4. Nxd4 Bc5 5. Nxc6 Qf6 6. Qf3 bxc6 7. Qg3 Ne7
8. Bd3 Ng6 9. O-O h5 10. Nc3 d6 11. Na4 Bd4 12. c3 h4 13. Qg5 Be5 14. Qxf6 Bxf6
15. f4 O-O 16. Be3 Bd7 17. Rad1 c5 18. Bc2 Bc6 19. e5 Rfe8 20. g3 c4 21. Bc1
dxe5 22. f5 Nf8 23. Nc5 Be7 24. Be3 Rab8 25. b3 e4 26. Na6 Rbc8 27. bxc4 Bf6
28. Nb4 Bb7 29. Nd5 Be5 30. gxh4 c6 31. Nf4 Ba6 32. Bb3 Rcd8 33. Rxd8 Rxd8 34.
Ne2 Rd3 35. Bxa7 Nd7 36. Bd4 c5 37. Bf2 Bf6 38. Nf4 Rxc3 39. Nd5 Rf3 40. Re1
Rxf5 41. Rxe4 Re5 42. Nxf6+ gxf6 43. Rxe5 Nxe5 44. Bxc5 Kg7 45. Kg2 Nxc4 46.
Bxc4 Bxc4 47. a4 Kg6 48. a5 Kf5 49. Kg3 Bd3 50. Be3 Kg6 51. Kf4 Ba6 52. Bd4 Bb7
53. Bf2 f5 54. Ke5 f6+ 55. Kf4 Bc8 56. Bd4 Ba6 57. h5+ Kxh5 58. Kxf5 Bd3+ 59.
Kxf6 Kg4 60. Ke6 Kf3 61. h4 Ke4 62. Bf2 Be2 63. Kd6 Kf5 64. Kc7 Ke6 65. Kb6 Kd7
66. a6 Kc8 67. a7 Bf3 68. h5 0-1

[Event "AbuDhabiMaster"]
[Site "AbuDhabi"]
[Date "2005.??.??"]
[Round "3"]
[White "Annaberdiev, Meilis"]
[Black "Kobalija, Mihail"]
[Result "0-1"]
[WhiteElo "2409"]
[BlackElo "2614"]
[PlyCount "108"]
[EventDate "2005.??.??"]
[WhiteTeam "Turkmenistan"]
[BlackTeam "Russia"]
[WhiteTeamCountry "TKM"]
[BlackTeamCountry "RUS"]

1. d4 Nf6 2. Nf3 g6 3. Bg5 Bg7 4. Nbd2 O-O 5. e4 d6 6. c3 Nc6 7. Qc2 e5 8. dxe5
Nxe5 9. Nxe5 dxe5 10. Be2 Qe7 11. O-O h6 12. Bh4 Bd7 13. a4 Rfe8 14. Rfd1 Qf8
15. Nc4 Bc8 16. Ne3 Be6 17. Bg3 Nh7 18. Nc4 f6 19. a5 Qf7 20. Qa4 a6 21. f3 Nf8
22. Bf2 Nd7 23. Nd2 Bf8 24. Bc4 Nc5 25. Bxe6 Qxe6 26. Qc4 Rad8 27. Bxc5 Qxc4
28. Nxc4 Bxc5+ 29. Kf1 Kf7 30. Ke2 Ke6 31. b4 Ba7 32. Rab1 h5 33. h3 Rf8 34.
Rxd8 Rxd8 35. b5 Bc5 36. Ne3 Bxe3 37. Kxe3 Rd6 38. c4 Rd4 39. c5 Kd7 40. c6+
Kc8 41. cxb7+ Kxb7 42. bxa6+ Kxa6 43. Rc1 Kb7 44. a6+ Kb6 45. Ra1 Rd8 46. f4
Ra8 47. g4 hxg4 48. hxg4 Rxa6 49. Rxa6+ Kxa6 50. g5 exf4+ 51. Kxf4 fxg5+ 52.
Kxg5 c5 53. e5 c4 54. e6 c3 0-1

[Event "AbuDhabiMaster"]
[Site "AbuDhabi"]
[Date "2005.??.??"]
[Round "3"]
[White "Ganguly, Surya Shekhar"]
[Black "Al Sayed, Mohamad Naser"]
[Result "1-0"]
[WhiteElo "2596"]
[BlackElo "2478"]
[PlyCount "77"]
[EventDate "2005.??.??"]
[WhiteTeam "India"]
[BlackTeam "Qatar"]
[WhiteTeamCountry "IND"]
[BlackTeamCountry "QAT"]

1. e4 c5 2. Nf3 Nc6 3. d4 cxd4 4. Nxd4 Nf6 5. Nc3 e5 6. Ndb5 d6 7. Bg5 a6 8.
Na3 b5 9. Nd5 Be7 10. Bxf6 Bxf6 11. c3 O-O 12. Nc2 Bg5 13. a4 bxa4 14. Rxa4 a5
15. Bc4 Rb8 16. Ra2 Kh8 17. Nce3 Be6 18. b3 Bxe3 19. Nxe3 Qb6 20. O-O Ne7 21.
Qd3 Qc5 22. Rd1 Rxb3 23. Bxe6 Rxc3 24. Qxd6 fxe6 25. Qxe6 Rc1 26. Ra1 Rxa1 27.
Rxa1 Rd8 28. h3 Nc6 29. Ra4 Nb4 30. Ng4 h5 31. Ne3 Rf8 32. Qg6 Nd3 33. Rc4 Qa7
34. Qd6 Qf7 35. Qxd3 Qxf2+ 36. Kh1 Qe1+ 37. Kh2 h4 38. Nf5 g6 39. Qe3 1-0

[Event "AbuDhabiMaster"]
[Site "AbuDhabi"]
[Date "2005.??.??"]
[Round "3"]
[White "Guseinov, Gadir"]
[Black "Moradiabadi, Elshan"]
[Result "1-0"]
[WhiteElo "2585"]
[BlackElo "2485"]
[PlyCount "45"]
[EventDate "2005.??.??"]
[WhiteTeam "Azerbaijan"]
[BlackTeam "Iran"]
[WhiteTeamCountry "AZE"]
[BlackTeamCountry "IRI"]

1. e4 e5 2. Nf3 Nc6 3. Bb5 a6 4. Bxc6 dxc6 5. O-O f6 6. d4 Bg4 7. c3 Bd6 8. Be3
Ne7 9. Nbd2 Qd7 10. h3 Be6 11. Qe2 Ng6 12. Rfd1 Qf7 13. dxe5 Bxe5 14. Nxe5 fxe5
15. Qh5 O-O-O 16. Nf3 Bxa2 17. Nxe5 Qe6 18. Nd3 Bb3 19. Rd2 Qxe4 20. Nc5 Rd5
21. Rxd5 Qxd5 22. Qg4+ Kb8 23. Qb4 1-0

[Event "AbuDhabiMaster"]
[Site "AbuDhabi"]
[Date "2005.??.??"]
[Round "3"]
[White "Gupta, Abhijeet"]
[Black "Gleizerov, Evgeny"]
[Result "0-1"]
[WhiteElo "2380"]
[BlackElo "2572"]
[PlyCount "118"]
[EventDate "2005.??.??"]
[WhiteTeam "India"]
[BlackTeam "Russia"]
[WhiteTeamCountry "IND"]
[BlackTeamCountry "RUS"]

1. d4 e6 2. c4 f5 3. Nf3 Nf6 4. g3 d5 5. Bg2 c6 6. O-O Bd6 7. b3 Qe7 8. Ne5 O-O
9. Nd2 b6 10. cxd5 exd5 11. Ndf3 Ne4 12. Qc2 Bb7 13. Nd3 Nd7 14. Bf4 c5 15.
Rac1 Rac8 16. Qd1 Rc7 17. Bxd6 Qxd6 18. Nde5 Ndf6 19. Qd3 Rfc8 20. Nd2 g6 21.
Nb1 cxd4 22. Rxc7 Qxc7 23. Qxd4 Qc5 24. Nf3 Ba6 25. b4 Qxd4 26. Nxd4 Rc4 27.
Rd1 Rxb4 28. f3 Nc5 29. Bf1 Bc4 30. a3 Rb2 31. Nc3 Kf7 32. Rb1 Rxb1 33. Nxb1 a6
34. Nc3 Nb3 35. Nc6 Ke6 36. Kf2 d4 37. Nd1 a5 38. Nb2 Bb5 39. Na7 Ba6 40. Nc6
Nd5 41. f4 Nc3 42. Ke1 Nb1 43. a4 Nc3 44. Kf2 Kd6 45. Ne5 Nc5 46. Nf3 N5xa4 47.
Nxa4 Nxa4 48. Nxd4 Nc3 49. Ke3 Kc5 50. Ne6+ Kb4 51. Kd2 a4 52. Nd4 Ne4+ 53. Kc2
Bc4 54. Nc6+ Kc5 55. Ne5 b5 56. g4 Be6 57. Nd3+ Kd4 58. g5 a3 59. h4 Ke3 0-1

[Event "AbuDhabiMaster"]
[Site "AbuDhabi"]
[Date "2005.??.??"]
[Round "3"]
[White "Grigoriants, Sergey"]
[Black "Sale, Srdjan"]
[Result "1/2-1/2"]
[WhiteElo "2562"]
[BlackElo "2437"]
[PlyCount "45"]
[EventDate "2005.??.??"]
[WhiteTeam "Russia"]
[BlackTeam "Croatia"]
[WhiteTeamCountry "RUS"]
[BlackTeamCountry "CRO"]

1. c4 Nf6 2. Nc3 g6 3. e4 d6 4. d4 Bg7 5. f3 O-O 6. Nge2 Nc6 7. Be3 a6 8. Qd2
Rb8 9. Rc1 Bd7 10. Nd1 Re8 11. Nf2 e6 12. g3 b5 13. cxb5 axb5 14. Bg2 Ra8 15.
b3 Ra3 16. O-O Qa8 17. Rc2 Qa6 18. f4 Ne7 19. Nc1 Bc6 20. Ncd3 Qa8 21. Qe2 Bb7
22. Bc1 Rxa2 23. Qd2 1/2-1/2

[Event "AbuDhabiMaster"]
[Site "AbuDhabi"]
[Date "2005.??.??"]
[Round "3"]
[White "Ulibin, Mikhail"]
[Black "Kayumov, Sergey"]
[Result "1/2-1/2"]
[WhiteElo "2529"]
[BlackElo "2405"]
[PlyCount "44"]
[EventDate "2005.??.??"]
[WhiteTeam "Russia"]
[BlackTeam "Uzbekistan"]
[WhiteTeamCountry "RUS"]
[BlackTeamCountry "UZB"]

1. d4 d5 2. c4 c6 3. Nf3 Nf6 4. e3 Bf5 5. Nc3 e6 6. Nh4 Bg6 7. Bd2 Nbd7 8. Nxg6
hxg6 9. Rc1 Bd6 10. Qf3 Qe7 11. cxd5 exd5 12. g3 Ne4 13. Nxe4 dxe4 14. Qd1 Nf6
15. a3 g5 16. Bg2 Qe6 17. h3 Kf8 18. Qa4 Kg8 19. Bb4 Bc7 20. Ba5 Bd6 21. Bb4
Bc7 22. Ba5 Bd6 1/2-1/2

[Event "AbuDhabiMaster"]
[Site "AbuDhabi"]
[Date "2005.??.??"]
[Round "3"]
[White "Kotsur, Pavel"]
[Black "Prasad, Devaki V"]
[Result "1-0"]
[WhiteElo "2595"]
[BlackElo "2359"]
[PlyCount "105"]
[EventDate "2005.??.??"]
[WhiteTeam "Kazakhstan"]
[BlackTeam "India"]
[WhiteTeamCountry "KAZ"]
[BlackTeamCountry "IND"]

1. e4 c5 2. Nf3 d6 3. d4 cxd4 4. Nxd4 Nf6 5. Nc3 a6 6. Be2 e6 7. O-O Be7 8. f4
Nc6 9. Be3 O-O 10. Qe1 Nxd4 11. Bxd4 b5 12. a3 Bb7 13. Qg3 Qc7 14. Rae1 Rae8
15. Kh1 Bc6 16. Bf3 Kh8 17. Rf2 Bd8 18. e5 dxe5 19. fxe5 Nd7 20. Ref1 Bxf3 21.
Rxf3 f5 22. exf6 Qxg3 23. hxg3 Bxf6 24. Bxf6 Nxf6 25. Ne4 Kg8 26. Nxf6+ Rxf6
27. Rxf6 gxf6 28. Rxf6 Kg7 29. Rf3 Rc8 30. Rf2 Rd8 31. Kh2 e5 32. g4 Rd4 33.
Kg3 a5 34. c3 Re4 35. Kh4 b4 36. cxb4 axb4 37. a4 b3 38. Rf3 Rxa4 39. Rxb3 Rf4
40. Rb7+ Kg6 41. Rb6+ Kg7 42. Kg5 Rf2 43. Rb7+ Kg8 44. b4 Rxg2 45. Kf5 e4 46.
Re7 Rf2+ 47. Kg5 Re2 48. Kf4 Rb2 49. Rxe4 Kf7 50. Ke3 Kf6 51. Kd3 Kg5 52. Kc4
Rb1 53. b5 1-0

[Event "AbuDhabiMaster"]
[Site "AbuDhabi"]
[Date "2005.??.??"]
[Round "3"]
[White "Tania, Sachdev"]
[Black "Kurnosov, Igor"]
[Result "0-1"]
[WhiteElo "2343"]
[BlackElo "2549"]
[PlyCount "116"]
[EventDate "2005.??.??"]
[WhiteTeam "India"]
[BlackTeam "Russia"]
[WhiteTeamCountry "IND"]
[BlackTeamCountry "RUS"]

1. d4 g6 2. c4 Bg7 3. Nf3 c5 4. d5 d6 5. Nc3 Nf6 6. e4 O-O 7. Be2 Bg4 8. O-O
Na6 9. Be3 Bxf3 10. Bxf3 Nc7 11. e5 Nd7 12. exd6 exd6 13. Qd2 f5 14. Be2 Qf6
15. Bf4 Ne5 16. Bg5 Qf7 17. f4 Nd7 18. Rae1 Rfe8 19. Bf3 Bd4+ 20. Kh1 Qg7 21.
Rxe8+ Rxe8 22. Re1 Bf6 23. Rxe8+ Nxe8 24. Qe3 Nc7 25. Bxf6 Qxf6 26. g4 Qd4 27.
Qxd4 cxd4 28. Ne2 d3 29. Nc3 g5 30. gxf5 gxf4 31. Kg2 Kf7 32. Ne4 Ke7 33. Bd1
b5 34. b3 bxc4 35. bxc4 Ne8 36. Kf3 Ne5+ 37. Kxf4 Nxc4 38. Kg5 Ne3 39. Bb3 Kf7
40. f6 d2 41. Nxd2 Nxf6 42. Nc4 Ne4+ 43. Kf4 Nxc4 44. Kxe4 Nd2+ 45. Kf5 Nf3 46.
h3 h6 47. Bd1 Nh4+ 48. Kg4 Ng6 49. Bb3 Kf6 50. h4 Ne5+ 51. Kh5 Kg7 52. a3 a6
53. Bd1 Nd3 54. Bb3 Ne5 55. Bd1 a5 56. Bb3 Nf3 57. Bd1 Nd2 58. a4 Ne4 0-1